heavy metal - Statistiques

Statistiques générales
  • Ce quiz a été pris 21 fois
  • Le résultat moyen est 11 sur 15
Statistiques - réponses
GROUPES Réponse % Correct
GOJIRA FRANCE
100%
KREATOR ALLEMAGNE
85%
SEPULTURA BRESIL
85%
IRON MAIDEN ROYAUME UNI
85%
IN FLAMES SUEDE
85%
IMMORTAL NORVEGE
80%
METALLICA USA
80%
AIRBOURNE AUSTRALIE
75%
ANNIHILATOR CANADA
75%
VOLBEAT DANEMARK
75%
BEHEMOTH POLOGNE
75%
NIGHTWISH FINLANDE
70%
LACUNA COIL ITALIE
60%
WITHIN TEMPTATION PAYS-BAS
50%
CORONER SUISSE
40%
Aucun quiz correspondant
Distribution des résultats
% des personnes avec chaque résultat
Percentile par nombre de réponses
Votre historique - résultats
Vous n’avez pas pris ce quiz